Правда ли это? 4 - Statistics

General Stats
  • This quiz has been taken 23 times
  • The average score is 9 of 15
Answer Stats
Question Answer % Correct
Почта была изобретена в Древнем Риме Да
85%
Кошки и собаки могут видеть сны Да
80%
В последние месяцы своей жизни Фридрих Ницше усердно молился в церкви Нет
75%
В Японии старательно избегают числа "4" Да
70%
Ким Ир Сен по конституции до сих пор возглавляет Северную Корею Да
70%
Наркологи отдельно рассматривают пивную алкогольную зависимость Да
65%
Существуют поджанры джаза без свинга Да
65%
Правила дорожного движения разработал человек, который ни разу в жизни не водил автомобиль Да
60%
Неоновые лампы светят без потери качества десятки лет Да
60%
Согласно правилам арифметики, можно делить на нуль в очень специфических случаях Нет
55%
Четвёртый эпизод "Звёздных войн" изначально назывался просто "Звёздные войны" Да
50%
В средневековой Испании на законодательном уровне было запрещено как-либо тревожить души умерших Нет
40%
Играть на гитаре за головой не так сложно, как кажется Да
40%
С точки зрения теории эволюции любовь рассматривается как паразитизм Нет
40%
Первый брак Мэрилин Монро продлился 4 дня Нет
25%
No matching quizzes found
Score Distribution
Percent of People with Each Score
Percentile by Number Answered
Your Score History
You have not taken this quiz